000 02609nam a22004097i 4500
003 DO-SdBNP
005 20251030093142.0
007 ta
008 210309e2020 dr aob|gr||||u001 0 spa d
020 _a9789945919974
040 _aDO-SdBNP
_bspa
_cBNPHU
_erda
041 _hspa
082 4 _axxx
_bR426c
_222
110 1 _aRepública Dominicana.
_bOficina Nacional de Estadística
_95775
245 1 3 _aPrimer Censo Nacional de República Dominicana 1920 /
_cOficina Nacional de Estadística
250 _aTercera edición
264 _aSanto Domingo :
_bUASD,
_c2020
300 _a161 páginas :
_bilustraciones fotografía, mapa ;
_c22 cm.
336 _ardacontent
_btexto
_2txt
337 _ardamedia
_bsin mediación
_2n
338 _ardacarrier
_bvolumen
_2nc
490 1 _aUniversidad Autónoma de Santo Domingo ;
_v168
490 1 _aHistoria y Sociedad ;
_v14
505 2 _aResoluciones ejecutivas referentes al censo.
505 2 _aPrimera parte:
_uDescripción general de la República Dominicana
_tCapítulo I :
_uGeografía física.
_tCapítulo II :
_uRecursos naturales.
505 2 _aSegunda parte :
_uBreve reseña histórica.
_tCapítulo III
_uReseña histórica.
_tCapítulo IV :
_uMemorandun del entendido de evacuación de la República Dominicana por las fuerza militares de los Estados Unidos.
505 2 _aTercera parte :
_uGeografía política.
_tCapítulo V :
_uDivisión territorial.
_tCapítulo VI :
_uDerechos individuales.
_tCapítulo VII :
_uDerechos individuales.
_tCapítulo VIII :
_uLegislación.
505 2 _aCuarta parte :
_uFomento y adelanto dela país.
_tCapítulo IX :
_uObras públicas.
_tCapítulo X :
_uComunicaciones.
_tCapítulo XI :
_uRiqueza pública.
_tCapítulo XII :
_uComercio.
_tCapítulo XIII :
_uInstrucción política.
_tCapítulo XIV
_uSanidad.
505 2 _aQuinta parte :
_uAnálisis de este censo de población.
_tCapítulo XV :
_uPoblación de la República en 1920.
_tCapítulo XVI :
_uSexo, con ralación a la raza y la nacionalidad.
_tCapítulo XVII :
_uEdad, con relación al sexo.
_tCapítulo XVIII :
_uAdultos.
_tCapítulo XIX :
_uPoblación mayor de 21 años.
_tCapítulo XX :
_uCiudadanía y sufragio.
_tCapítulo XXI :
_uEstado civil.
_tCapítulo XXII :
_uOcupacional.
_tCapítulo XXIII :
_uReligión.
_tCapítulo XXIV :
_uPropiedades.
_tCapítulo XXV :
_uTierras cultivadas y no cultivadas.
505 2 _aSexta parte :
_uTablas de población.
505 2 _aGrabados y mapas.
590 _aInventariado, 2021/MFF
830 0 _aUniversidad Autónoma de Santo Domingo ;
_lspa
_n168
_978039
830 0 _aHistoria y Sociedad ;
_lspa
_n14
_978040
910 _aMF
942 _2ddc
_cLBS1
999 _c49516
_d49516